| 000 | 00869nam a2200265Ia 4500 | ||
|---|---|---|---|
| 003 | OSt | ||
| 005 | 20220930072535.0 | ||
| 006 | a|||||r|||| 00| 0 | ||
| 007 | ta | ||
| 008 | 220926b |||||||| |||| 00| 0 eng d | ||
| 024 | _a24542 | ||
| 037 | _cTheses | ||
| 040 |
_aCRL _cCRL _beng |
||
| 041 |
_2eng _aeng |
||
| 100 |
_aKhandpur Sujay _9529984 |
||
| 110 |
_aUniversity of Delhi. Faculty of Medical Sciences. Department of Dermatology _9521121 |
||
| 245 | 0 | _aAutologous punch grafting as a treatment modality for chronic stable vitiligo | |
| 260 | _c1997 | ||
| 300 |
_a101p. _ap. _ccm. |
||
| 650 | _aSKIN - DISEASES | ||
| 700 |
_a Dr Ram Chander Supervisor _9529985 |
||
| 700 |
_aUniversity of Delhi. Faculty of Medical Sciences. Department of Dermatology _9521123 |
||
| 942 |
_cDIS _2CC |
||
| 999 |
_c864017 _d864017 |
||